Jogadores De Futebol Com Mais Seguidores No Instagram - Statistics

Estatísticas Gerais
  • Esse quiz foi jogado 337 vezes
  • A pontuação média é 18 de 35
Estatísticas das Respostas
Total Clube Nome % Correto
617 milhões Al Nassr Cristiano Ronaldo
100%
496 milhões Inter Miami Lionel Messi
100%
218 milhões Al Hilal Neymar
100%
112 milhões PSG Kylian Mbappé
93%
66,7 milhões Fluminense Marcelo Vieira
90%
76,2 milhões Al Ittihad Karim Benzema
88%
63,4 milhões Liverpool Mohamed Salah
86%
44,1 milhões Real Madrid Vinícius Júnior
85%
48,6 milhões Inter Miami Luis Suárez
76%
62,7 milhões Sevilla Sergio Ramos
74%
58,0 milhões Roma Paulo Dybala
73%
37,9 milhões Man. City Erling Haaland
68%
35,5 milhões Barcelona Robert Lewandowski
62%
41,5 milhões Atl. de Madrid Antoine Griezmann
61%
34,0 milhões Real Madrid Luka Modric
61%
25,3 milhões Man. City Kevin De Bruyne
57%
16,7 milhões Bayern Munich Harry Kane
54%
52,1 milhões São Paulo James Rodríguez
51%
26,8 milhões Benfica Ángel Di Maria
47%
44,0 milhões Real Madrid Toni Kroos
47%
61,4 milhões Juventus Paul Pogba
39%
24,8 milhões Flamengo David Luiz
35%
31,0 milhões Real Betis Isco Alarcón
35%
16,9 milhões Barcelona Pablo Gavi
35%
22,3 milhões Chelsea Thiago Silva
33%
22,9 milhões Tottenham Richarlison
30%
23,2 milhões Arsenal Gabriel Jesus
28%
22,3 milhões Man. Utd. Carlos Casemiro
27%
24,6 milhões Al Duhail Philippe Coutinho
24%
19,9 milhões PSG Achraf Hakimi
18%
43,3 milhões Emirates Club Andrés Iniesta
18%
22,2 milhões Atl. de Madrid Álvaro Morata
14%
20,0 milhões PSG Keylor Navas
12%
17,2 milhões Inter de Milão Alexis Sánchez
1%
17,4 milhões Sevilla Ivan Raktic
1%
Nenhum quiz correspondente encontrado
Distribuição das Pontuações
Porcentagem de Pessoas com Cada Pontuação
Percentil de Números Respondidos
Sua Pontuação Histórica
Você não jogou esse quiz